Une lettre suffit pour répondre juste #36 (attention 10 lettres tuent) - Statistiques

Statistiques générales
  • Ce quiz a été pris 67 fois
  • Le résultat moyen est 3 sur 6
Statistiques - réponses
Hint Réponse % Correct
Donne une des 5 lettres qui désigne : - un instrument à vent formé d'un tube percé de plusieurs trous - une interjection marquant l'impatience, la déception. FLUTE
100%
Donne une des 4 lettres qui complète le nom de cette comédie (Cinéma de fantasy) de 1994 : The _ _ _ _
MASK
96%
Donne une des 3 lettres qui complète le nom du personnage biblique, archétype du Juste dont la foi est mise à l'épreuve par la souffrance, par Satan, avec la permission de Dieu.C'est aussi un travail rémunéré, qu'on ne considère ni comme un métier, ni comme une situation. JOB
58%
Donne une des 2 lettres du symbole chimique du mercure HG
25%
Donne la lettre qui veut dire Je en anglais I
23%
Donne la lettre qui est formée avec ses doigts en tendant vers le haut uniquement l'index et le majeur puis en écartant seulement ces deux doigts V
21%
Aucun quiz correspondant
Distribution des résultats
% des personnes avec chaque résultat
Percentile par nombre de réponses
Votre historique - résultats
Vous n’avez pas pris ce quiz